Most Popular Wikipedia Pages - Statistics

General Stats
  • This quiz has been taken 12 times
  • The average score is 11 of 30
Answer Stats
Hint Page % Correct
Geography United States
100%
Politics Donald Trump
89%
Geography United Kingdom
89%
Geography Canada
78%
Billionaire Elon Musk
78%
Politics Barack Obama
67%
Music Michael Jackson
67%
Monarchy Queen Elizabeth II
67%
Sports Cristiano Ronaldo
56%
Sports Lionel Messi
56%
History World War II
44%
Music Eminem
33%
Geography India
33%
Music Justin Bieber
33%
Sports Michael Jordan
33%
History Adolf Hitler
22%
Geography Australia
22%
Actor Dwayne Johnson
22%
Music Lady Gaga
22%
Tech Steve Jobs
22%
History World War I
22%
TV Game of Thrones
11%
List Highest-Grossing Films
11%
Celebrity Kim Kardashian
11%
List Presidents of the United States
11%
Biology Sex
11%
Music The Beatles
11%
Music Freddie Mercury
0%
Science Stephen Hawking
0%
TV The Big Bang Theory
0%
No matching quizzes found
Score Distribution
Percent of People with Each Score
Percentile by Number Answered
Your Score History
You have not taken this quiz